Catálogo
 En Linea

The evolution of policy behind Taiwan's development success / (Registro nro. 13091)

Detalles MARC
000 -CABECERA
campo de control de longitud fija 00813cam a2200229 a 4500
001 - NÚMERO DE CONTROL
campo de control 000013467
005 - FECHA Y HORA DE LA ÚLTIMA TRANSACCIÓN
campo de control 20200929163235.0
008 - DATOS DE LONGITUD FIJA--INFORMACIÓN GENERAL
campo de control de longitud fija 940927s1988 ctua b 001 0 eng d
020 ## - NÚMERO INTERNACIONAL ESTÁNDAR DEL LIBRO
Número Internacional Estándar del Libro 0300040806
040 ## - FUENTE DE LA CATALOGACIÓN
Centro catalogador/agencia de origen DO-SdBNP
Lengua de catalogación eng
Centro/agencia transcriptor LC
Centro/agencia modificador BNPHU
082 ## - NÚMERO DE LA CLASIFICACIÓN DECIMAL DEWEY
Número de clasificación 338.951249
Número de documento/Ítem L693e
049 ## - FONDOS LOCALES (OCLC)
Fondos de biblioteca BNGR
100 1# - ENTRADA PRINCIPAL--NOMBRE DE PERSONA
Nombre de persona Li, Kuo-ting,
Fechas asociadas al nombre 1910-
9 (RLIN) 30772
245 14 - MENCIÓN DE TÍTULO
Título The evolution of policy behind Taiwan's development success /
Mención de responsabilidad, etc. Kuo-Ting Li ; ensayos introductorios Gustav Ranis y John C.H. Fei.
260 ## - PUBLICACIÓN, DISTRIBUCIÓN, ETC.
Lugar de publicación, distribución, etc. New Haven :
Nombre del editor, distribuidor, etc. Yale University,
Fecha de publicación, distribución, etc. 1988.
300 ## - DESCRIPCIÓN FÍSICA
Extensión xiii, 189 p. :
Otras características físicas il. ;
Dimensiones 22 cm.
651 #4 - PUNTO DE ACCESO ADICIONAL DE MATERIA--NOMBRE GEOGRÁFICO
Nombre geográfico Taiwan
Subdivisión general Política Económica
Subdivisión cronológica 1945-
9 (RLIN) 30773
651 #4 - PUNTO DE ACCESO ADICIONAL DE MATERIA--NOMBRE GEOGRÁFICO
Nombre geográfico Taiwan
Subdivisión general Condiciones Económicas
Subdivisión cronológica 1945-
9 (RLIN) 30774
700 1# - PUNTO DE ACCESO ADICIONAL--NOMBRE DE PERSONA
Nombre de persona Ranis, Gustav.
9 (RLIN) 30775
700 1# - PUNTO DE ACCESO ADICIONAL--NOMBRE DE PERSONA
Nombre de persona Fei, John C. H.
9 (RLIN) 30776
910 ## - DATOS DE OPCIÓN DEL USUARIO (OCLC)
Datos de opción del usuario Catalogación derivada / LC
Existencias
Estado de retiro Estado de pérdida Restricciones de uso No para préstamo Código de colección Localización permanente Ubicación/localización actual Ubicación en estantería Fecha de adquisición Número de inventario Total de préstamos Signatura topográfica completa Código de barras Fecha visto por última vez Precio válido a partir de Tipo de ítem Koha
    Préstamo interno   Monografías: Libros y Folletos General General En catalogación 24.11.2009 LF1   338.951249 L693e 13467-10 25.06.2020 25.06.2020 Préstamo interno

Con tecnología Koha